000 00461cam a2200157 4500500
005 20260329021331.0
041 _afre
042 _adc
100 1 0 _aStruczyk, Stanislas
_eauthor
700 1 0 _aBourgeois, Didier
_eauthor
245 0 0 _aPrésentation
260 _c2009.
500 _a2
786 0 _nPsy Cause | 54 | 2 | 2009-01-06 | p. 36-36 | 1245-2394
856 4 1 _uhttps://shs.cairn.info/revue-psy-cause-2009-2-page-36?lang=fr&redirect-ssocas=7080
999 _c1911704
_d1911704